Der vollkommene Kartenkünstler und Rechenmeister (Record no. 6531)

MARC details
000 -CABECERA
campo de control de longitud fija 00741nam a2200217 a 4500
001 - NÚMERO DE CONTROL
campo de control BRCA_6848
005 - FECHA Y HORA DE LA ÚLTIMA TRANSACCIÓN
campo de control 20190320205621.0
008 - DATOS DE LONGITUD FIJA--INFORMACIÓN GENERAL
campo de control de longitud fija 091111s1889----gw-#######---#000-0#ger-#
041 ## - CÓDIGO DE LENGUA
Código de lengua del texto/banda sonora o título independiente ger
044 ## - CÓDIGO DEL PAÍS DE LA ENTIDAD EDITORA/PRODUCTORA
Código MARC del país gw
050 #4 - SIGNATURA TOPOGRÁFICA DE LA BIBLIOTECA DEL CONGRESO
Número de clasificación GV1549
Número de documento/Ítem .H6 1889
100 1# - ENTRADA PRINCIPAL--NOMBRE DE PERSONA
Nombre de persona Paoli, Carlo
9 (RLIN) 17078
245 10 - MENCIÓN DE TÍTULO
Título Der vollkommene Kartenkünstler und Rechenmeister
Resto del título eine Sammlung der vorzüglichsten und wirkungsvollsten Karten- und Rechenkunststucke, zur Unterhaltung in geselligen Kreisen
Mención de responsabilidad, etc. von Carlo Paoli.
260 ## - PUBLICACIÓN, DISTRIBUCIÓN, ETC.
Lugar de publicación, distribución, etc. Reutlingen
Nombre del editor, distribuidor, etc. Enszlin & Laiblins
Fecha de publicación, distribución, etc. [1889]
300 ## - DESCRIPCIÓN FÍSICA
Extensión 64 p.
Dimensiones 13 cm.
500 ## - NOTA GENERAL
Nota general Estado físico: portada desprendida
500 ## - NOTA GENERAL
Nota general L134
650 14 - PUNTO DE ACCESO ADICIONAL DE MATERIA--TÉRMINO DE MATERIA
Término de materia o nombre geográfico como elemento de entrada Trucos de barajas
Subdivisión de forma Guías, manuales, etc.
9 (RLIN) 17079
902 ## - CATALOGADOR
Iniciales GFM
942 ## - ELEMENTOS DE PUNTO DE ACCESO ADICIONAL (KOHA)
Fuente del sistema de clasificación o colocación Library of Congress Classification
Tipo de ítem Koha Libros
Holdings
Estado de retiro Estado de pérdida Estado dañado No para préstamo Localización permanente Ubicación/localización actual Fecha de adquisición Número de inventario Total de préstamos Signatura topográfica completa Código de barras Fecha visto por última vez Precio válido a partir de Tipo de ítem Koha
El ejemplar forma parte de la colección y puede ser consultado según las políticas vigentes.       Biblioteca del Museo Franz Mayer (Rogerio Casas-Alatriste) Biblioteca del Museo Franz Mayer (Rogerio Casas-Alatriste) 09/11/2011 L134   GV1549 .H6 1889 (L134) 7296 22/03/2019 22/03/2019 Libros